000
00336nam a2200133 a 4500
005
20140412111414.0
008
070703s19uu xx 00 eng d
020
_a
0-7214-3686-2
050
_a
ER
_b
Hu891 1991
245
_a
The hunchback of Notre Dame.
260
_a
UK :
_b
Ladybird books,
_c
1996.
440
_a
Disney
999
_c
105766
_d
105766